| 000 | 00511nam a2200169 4500 | ||
|---|---|---|---|
| 001 | 131846 | ||
| 003 | ES-MaACL | ||
| 005 | 20230906194045.0 | ||
| 007 | t| | ||
| 008 | 070214s1965 sp r ||||1| spa d | ||
| 100 | 1 |
_aRodríguez Montané, Enrique. _998678 |
|
| 245 | 1 | 3 |
_aUn drama, una comedia y un cuento / _cEnrique Rodríguez Montané. |
| 260 |
_aMadrid : _b[s. n.], _c1965 ( _fImp. Murillo) |
||
| 300 |
_a94 p. ; _c17 cm. |
||
| 852 |
_aES-MaACL _jC-28915 _bR.57847 |
||
| 852 |
_aES-MaACL _jC-29176 _bR.58428 |
||
| 999 |
_c131846 _d131846 |
||